| 000 | 01055cam a2200253 4500 | ||
|---|---|---|---|
| 001 | ABS63528 | ||
| 008 | 000000n2001 000 0 eng u | ||
| 035 | _a(Sirsi) u111120 | ||
| 100 | _aBrewer, G. | ||
| 245 | _aNecessary precautions | ||
| 260 | _c2001 | ||
| 490 |
_aContract Journal _v407(6314) 14 February 2001, 25(1) |
||
| 520 | _aLooks at the issue of how far a contractor's duty to warn its client of problems in the design of others extends. Discusses "Plant Construction v JMH Construction" (1999), and a recent case "Aurum Investments v Avonforce and others" (2000) which gives further clarification and guidance on the previous CA decision. | ||
| 590 | _aABS | ||
| 650 | _aDUTY OF CARE | ||
| 650 | _aDUTY TO WARN | ||
| 650 | _aAURUM INVESTMENTS LIMITED V AVONFORCE LTD (IN LIQUIDATION) AND OTHERS | ||
| 650 | _aPLANT CONSTRUCTION V JMH CONSTRUCTION SERVICES | ||
| 650 | _aDEFECTIVE DESIGN | ||
| 650 | _aCONTRIBUTORY NEGLIGENCE | ||
| 650 | _aBREACH OF DUTY | ||
| 690 | _aBUILT ENVIRONMENT-BUILDING CONTRACT FORMS | ||
| 942 | _n0 | ||
| 999 |
_c66206 _d66206 |
||